| 000 | 00817nam a22002417a 4500 | ||
|---|---|---|---|
| 999 |
_c7620 _d7620 |
||
| 003 | OSt | ||
| 005 | 20220119121336.0 | ||
| 008 | 220119b ||||| |||| 00| 0 eng d | ||
| 020 | _a9780618691197 | ||
| 040 | _cDDC | ||
| 082 | _a028.7 PER 2000 | ||
| 100 |
_aPerrin, Robert _915577 |
||
| 245 | _aPocket guide to APA style | ||
| 250 | _aSecond edition. | ||
| 260 |
_aBoston : _b Houghton Miffli; _c 2007. |
||
| 300 |
_ax, 149 pages : _b illustrations ; _c 22 cm |
||
| 504 | _aIncludes index. | ||
| 650 |
_aPsychology -- Authorship -- Handbooks, manuals, etc _915578 |
||
| 650 |
_aSocial sciences -- Authorship -- Handbooks, manuals, etc. _915579 |
||
| 650 |
_aPsychological literature -- Publishing -- Handbooks, manuals, etc _915580 |
||
| 650 |
_aResearch -- Handbooks, manuals, etc. _915581 |
||
| 942 |
_2ddc _cBOOK |
||